000 00773nam a2200241 a 4500
001 BRCA_7972
005 20190320210057.0
008 220414s1968----nyua###f##---#001-0#eng-#
041 _aeng
044 _anyu
050 4 _aN7124
_b.S55
_c1968
100 1 _aSmith, Robert C.
_919764
245 1 0 _aThe art of Portugal
_b1500-1800
_cRobert C. Smith.
260 _aNew York
_bMeredith
_c1968
300 _a320 p.
_bil. a color, 280 láminas
_c28 cm.
500 _a3143
500 _aEjemplar igual a 3171 (31-071), sólo cambia el lugar de publicación (London) y la editorial (Weidenfeld and Nicolson)
504 _aBibliografía p. 313-316
650 1 4 _aArte
_y1500-1800
_zPortugal
_919765
650 1 4 _aArte
_vHistoria
_zPortugal
_919766
902 _aGFM
942 _2lcc
_cB
999 _c7641
_d7641